000 00810nam a22001697a 4500
082 _a891.4390911
_bQAS
100 _aQasim, Ghafoor Shah
245 _aPakistani Adab ke Mimar: Mustansar Hussain Tarar — Shakhsiyat aur Fun /
_cGhafoor Shah Qasim.
260 _aIslamabad:
_bAcademy Adabiat Pakistan,
_c2018.
300 _a240 pages;
_c21 cm
563 _aPB
650 _aTarar, Mustansar Hussain, 1939– — Criticism and interpretation
_9129602
880 _6100-01\(3\r
_aڈاکٹر غفور شاہ قاسم
880 _6245-02\(3\r
_aپاکستانی ادب کے معمار: مستنصر حسین تارڑ — شخصیت اور فن /
_bڈاکٹر غفور شاہ قاسم
880 _a260-03\(3\r
_bاسلام آباد:
_cاکادمی ادبیات پاکستان,
_62018.
942 _2ddc
_cBK
999 _c614214
_d614214